| 000 | 00464nam a22001697a 4500 | ||
|---|---|---|---|
| 003 | DO-SdBNP | ||
| 005 | 20180122124607.0 | ||
| 008 | 171102b 1972|||| |||| 00| 0 spa d | ||
| 040 |
_aBPMSU _bspa _cBPMSU |
||
| 100 | 1 | _aGracián, Baltasar | |
| 245 | 1 | 3 |
_aEl criticón / _cBaltasar Gracián |
| 260 |
_aBarcelona : _bRamón Sopena , _c1972. |
||
| 300 |
_a483 p. ; _c18 cm. |
||
| 942 |
_2ddc _cBK |
||
| 945 | _aInventariado, 2018/MFF | ||
| 956 |
_aBTAVAREZ _b10 _c20171102 _d0038 |
||
| 999 |
_c12751 _d12751 |
||